|
|
|
|
| LEADER |
00000nab a2200000 a 4500 |
| 001 |
vtls000896125 |
| 003 |
SK-MaSNL |
| 005 |
20260302175325.0 |
| 008 |
040720e19970926xo 0 slo |
| 035 |
|
|
|a KE5150
|
| 040 |
|
|
|a KEVKJB
|b slo
|c KEVKJB
|e AACR2
|
| 041 |
0 |
|
|a slo
|
| 044 |
|
|
|a xo
|c SK
|
| 080 |
|
|
|a 331.56
|2 1981
|
| 100 |
1 |
|
|a Szabó, Slavomír,
|d 1964-
|4 aut
|9 157682
|
| 245 |
1 |
0 |
|a Zamestnajte sa a buďte úspešní !
|b Nezamestnanosť nie je len strašiak, ale aj výzva
|
| 500 |
|
|
|a Magazín, 2, č.38, s.2. Fot.1.
|
| 610 |
2 |
7 |
|a Person efekt (Košice, Slovensko)
|2 KEVKJB
|9 886630
|
| 650 |
0 |
7 |
|a nezamestnanosť
|2 KEVKJB
|9 4271
|
| 650 |
0 |
7 |
|a sprostredkovateľské firmy
|2 KEVKJB
|9 886631
|
| 651 |
|
7 |
|a Košice (Slovensko)
|2 KEVKJB
|9 18694
|
| 773 |
0 |
8 |
|t Košický večer
|g Roč. 8
|g Roč. 29, 26.9.1997
|
| 852 |
|
|
|a ZVYKNI
|b KIS3GCP
|
| 999 |
|
|
|c 1406708
|d 1408638
|